000 00616nam a2200217Ia 4500
003 IIN
005 20250526124433.0
008 231217s9999 xx 000 0 und d
020 _cRs.630.00
_a9788131243923
040 _aIIN
_bEnglish
082 _a615.1
_bSHA
100 1 _aShanbhag, Tara V.
245 1 _aPharmacology for Nurses
_bApplicable for Semester III & IV/
_cTara V. Shanbhag, Sumita Shenoy, and Veena Nayak
250 _a2nd ed
260 _bElsevier
_aNew Delhi
_c2016
300 _axiii, 420 p.
650 1 _aPharmacology
700 1 _ashenoy, Smita
700 1 _aNayak, Veena
942 _cBOOK
999 _c663
_d663